| 000 | 00634nam a2200205 i 4500 | ||
|---|---|---|---|
| 001 | 29147 | ||
| 003 | ES-MaACL | ||
| 005 | 20251003063042.0 | ||
| 007 | t| | ||
| 008 | 030121q18001899fr ||||1| fre d | ||
| 100 | 1 |
_aBarbey d'Aurevilly, Jules Amédée, _d1808-1889 _925447 |
|
| 245 | 1 | 0 |
_aOeuvres / _cde Jules Amadée Barley d'Aurevilley. |
| 260 |
_aParís : _bAlphonse Lemerre, _c[18--?] |
||
| 300 |
_a259 p. ; _c16 cm. |
||
| 505 | 8 | _aContiene: Une histoire saus nom. Une page d'histoire | |
| 740 | 4 | _aUne histoire saus nom. | |
| 740 | 4 | _aUne page d'histoire. | |
| 852 |
_aES-MaACL _jG-2435 |
||
| 999 |
_c29147 _d29147 |
||